000 00573nam a22002177a 4500
003 OSt
005 20250818102703.0
008 250818b |||||||| |||| 00| 0 eng d
020 _a9788189770211
037 _a6218
_bBharati Madhyavarti Sahakari Grahak Bhandar Pune
040 _cNLK
041 _aEnglish
082 _a320.50903
_bGUP
100 _aGupta R C
245 _aWestern Political Thought
_cGupta R C
250 _a8th
260 _aNew Delhi
_bLakshmi Narain Agarwal
_c2025
300 _a209; 551
650 _aWestern Politics
942 _2ddc
_cTB
_n0
999 _c1212390
_d1212390